| 000 | 01124nam a2200253 i 4500 | ||
|---|---|---|---|
| 001 | 12729 | ||
| 003 | ES-MaACL | ||
| 005 | 20250823063027.0 | ||
| 007 | t| | ||
| 008 | 921029s1990 sp |||| | spa d | ||
| 080 | _a860 Prado Nogueira, José Luis 1.06 | ||
| 100 | 1 |
_aPrado Nogueira, José Luis, _d1919-1990 _993624 |
|
| 245 | 1 | 0 |
_aReflexiones sobre mi poesía / _cJosé Luis Prado Nogueira. |
| 260 |
_aMadrid : _bEscuela Universitaria de Formación del Profesorado de E.G.B. "Santa María, Universidad Autonoma", _cD.L. 1990. |
||
| 300 |
_a36 p. ; _c21 cm. |
||
| 490 | 1 |
_aCuaderno de literatura ; _v12 |
|
| 504 | _aBibliografía. | ||
| 594 | _aEn port.: Conferencia pronunciada en la Escuela Universitaria de Formación del Profesorado de E.G.B. "Santa María, el día 16 de noviembre de 1989" | ||
| 600 | 1 | 4 |
_aPrado Nogueira, José Luis, _d1919-1990 _993624 |
| 710 | 2 |
_aUniversidad Autónoma de Madrid. _bEscuela Universitaria de Formación del Profesorado de E.G.B. "Santa María" _9156765 |
|
| 830 | 0 |
_aCuaderno de literatura ; _v12 _9179363 |
|
| 852 |
_aES-MaACL _jL-20119 |
||
| 999 |
_c12729 _d12729 |
||